000 00804cam a2200265 i 4500
001 831546
003 NUST - PNEC
005 20170116180851.0
008 771027s1978 caua b 001 0 eng
010 _a 77016785
020 _a0716700328.
_a071670031X
040 _aDLC
_cLIBRARY
_dDLC
050 0 0 _aBF233
_b.L8
082 0 0 _a612.81 LUD
100 1 _aLudel, Jacqueline.
245 1 0 _aIntroduction to sensory processes /
_cJacqueline Ludel.
260 _aSan Francisco :
_bW. H. Freeman,
_cc1978.
300 _axii, 401 p. :
_bill. ;
_c24 cm.
490 0 _aA Series of books in psychology
504 _aIncludes bibliographies and index.
650 0 _aSenses and sensation.
650 0 _aPsychophysiology.
_xGeneral
906 _a7
_bcbc
_corignew
_d1
_eocip
_f19
_gy-gencatlg
942 _2ddc
_cBK
999 _c64622
_d64622